Trendy v oblasti lidského kapitálu 2019
Prieskum firmy Deloitte, na ktorom sa zúčastnilo 119 krajín vrátane Českej republiky. Umelá inteligencia, automatizácia, kognitívne technológie, robotika, cloud - súčasti dnešnej doby. Kľúčové požiadavky zamestnancov v súčasnosti. Ľudský prístup a zmysluplná práca ako hlavné faktory zamestnaneckej...
Salvato in:
| Autore principale: | |
|---|---|
| Natura: | Capitolo di libro |
| Lingua: | ceco |
| Soggetti: | |
| Tags: |
Nessun Tag, puoi essere il primo ad aggiungerne!!
|
MARC
| LEADER | 00000naa a2200000 4500 | ||
|---|---|---|---|
| 001 | 0254480 | ||
| 005 | 20190603101426.9 | ||
| 041 | 0 | |a cze | |
| 044 | |a CZ | ||
| 245 | 1 | 0 | |a Trendy v oblasti lidského kapitálu 2019 |c Pavel Šimák |
| 520 | |a Prieskum firmy Deloitte, na ktorom sa zúčastnilo 119 krajín vrátane Českej republiky. Umelá inteligencia, automatizácia, kognitívne technológie, robotika, cloud - súčasti dnešnej doby. Kľúčové požiadavky zamestnancov v súčasnosti. Ľudský prístup a zmysluplná práca ako hlavné faktory zamestnaneckej skúsenosti. Leadership 21. storočia a výkon organizácie ako tímový šport. Mobilita talentov. Získavanie talentov. Význam HR cloudu. | ||
| 610 | 2 | 0 | |a riadenie ľudských zdrojov |
| 610 | 2 | 0 | |a zamestnanci |
| 610 | 2 | 0 | |a kapitál ľudský |
| 610 | 2 | 0 | |a zamestnávatelia |
| 610 | 2 | 0 | |a tímy pracovné |
| 610 | 2 | 0 | |a talenty |
| 610 | 2 | 0 | |a technológie nové |
| 610 | 2 | 0 | |a cloud computing |
| 610 | 2 | 0 | |a pohyb síl pracovných |
| 610 | 2 | 0 | |a prieskum |
| 100 | 1 | |a Šimák, Pavel | |